00270nam a2200109Ia 450000500170000000800410001710000160005824500460007426000200012030000110014065000090015120260328101440.0260328s9999||||xx |||||||||||||| ||und|| aAdam, Peter 4aThe Arts of the Third Reich /cPeter Adam bThames & Hudson a332 p. aARTE